Constructoras Rǧimen contable, fiscal y de seguridad social /

Bibliographic Details
Main Author: Přez Chv̀ez, Još
Other Authors: Fol Olgun̕, Raymundo
Format: eBook
Language:Spanish
Published: Ciudad de Mx̌ico: Tax Editores, 2022
Subjects:
Online Access:Acceso restringido

MARC

LEADER 00000nam a22000007a 4500
005 20220628221047.0
007 cr|||| ||||
008 220628s2022 mx |||||s|||| 00||0 spa d
020 |a 978-607-629-740-7 
035 |a 36518 
040 |a vLex 
090 |c 13491  |d 13491 
100 1 |a Přez Chv̀ez, Još 
245 1 0 |a Constructoras  |h [Recurso electrn̤ico] :  |b Rǧimen contable, fiscal y de seguridad social /  |c Jos ̌Přez Chv̀ez, Raymundo Fol Olgun̕ 
256 |a Servicio en ln̕ea 
260 |a Ciudad de Mx̌ico:  |b Tax Editores,  |c 2022 
300 |a 1 recurso electrn̤ico 
506 1 |a Disponible solo en los productos indicados  |d vLex Global  |d vLex Global (Academic Edition, excluding Law Schools)  |d vLex Global (U.S. Academic Edition, Law Schools)  |d vLex Global (U.S. Academic Edition, excluding Law Schools)  |d vLex Global (Academic Edition, Law Schools) 
650 0 4 |a Derecho Fiscal  |z Mx̌ico 
700 1 |a Fol Olgun̕, Raymundo 
740 0 |a vLex Libros (Servicio en ln̕ea) 
856 4 0 |u https://app.vlex.com/#/sources/36518  |z Acceso restringido 
942 |c BOOK 
999 0 |a Tax Law